| 000 | 00562nam a2200241 a 4500 | ||
|---|---|---|---|
| 001 | nice12345678 | ||
| 003 | IN_TiNIC | ||
| 005 | 20260116014445.0 | ||
| 008 | 050812s2000 chea grd 000 0 eng | ||
| 020 |
_a _c139 |
||
| 082 | 0 | 0 |
_a823 _bSCH |
| 100 | _aSchaffner, | ||
| 245 | _aBoys from Brazil (video CD) | ||
| 260 |
_aChennai _bLilly Soosai Opset _c2000 |
||
| 300 | _a00p | ||
| 500 | _aincludes index and biblioraphy | ||
| 505 | 2 | _aAppendix | |
| 650 | _aFiction | ||
| 700 | 1 | _aSchaffner, | |
| 902 | _bSRS | ||
| 942 | _cND | ||
| 999 |
_c15423 _d15423 |
||